[Event "Berliner Sommer"]
[Site "Berlin"]
[Date "1996.??.??"]
[Round "4"]
[White "Grabliauskas, Virginijus"]
[Black "Held, Peter"]
[Result "1-0"]
[WhiteElo "2430"]
[BlackElo "2190"]

1.d4 Nf6 2.c4 g6 3.Nc3 d5 4.cxd5 Nxd5 5.e4 Nxc3 6.bxc3 Bg7 7.Bb5+ Bd7 8.Be2 c5
9.Nf3 O-O 10.O-O Bg4 11.Be3 cxd4 12.cxd4 Nc6 13.e5 Rc8 14.Rb1 Qd7 15.Qa4 Rfd8
16.Qa3 h6 17.Rfd1 e6 18.Qb2 Rc7 19.h3 Bf5 20.Rbc1 Be4 21.Nd2 Bd5 22.Bd3 Rdc8
23.Ne4 Bxe4 24.Bxe4 Ne7 25.Rxc7 Rxc7 26.Rc1 Rxc1+ 27.Qxc1 Kh7 28.Qc5 b6 29.Qc4 Nd5
30.Bd2 b5 31.Qc5 Kg8 32.g4 Bf8 33.Qc1 Kh7 34.h4 Qe7 35.h5 Qh4 36.Qd1 b4 37.Qf3 Kg7
38.hxg6 fxg6 39.Bd3 h5 40.gxh5 gxh5 41.Bh6+ Kxh6 42.Qxf8+ Kg5 43.Qd8+ Kg4
44.Be2+ Kh3 45.Qg8 Qe4 46.Qg3+  1-0

[Event "Berliner Sommer"]
[Site "Berlin"]
[Date "1996.??.??"]
[Round "5"]
[White "Shipov, Sergei"]
[Black "Zagorskis, Darius"]
[Result "1/2-1/2"]
[WhiteElo "2535"]
[BlackElo "2520"]

1.d4 Nf6 2.c4 g6 3.Nc3 d5 4.cxd5 Nxd5 5.e4 Nxc3 6.bxc3 Bg7 7.Nf3 c5 8.Rb1 O-O
9.Be2 b6 10.O-O Bb7 11.Qd3 Ba6 12.Qe3 cxd4 13.cxd4 Qd7 14.Bxa6 Nxa6 15.Qa3 Qb7
16.d5 Rfc8 17.Bb2 Bxb2 18.Rxb2 Rc4 19.Qe3 Qc7 20.Qh6 f6 21.e5 Nc5 22.h4 Nd3
23.d6 Qd7 24.Rd2 Nxe5 25.Nxe5 fxe5 26.Rfd1 Rd4 27.Rxd4 exd4 28.Rxd4 exd6
29.h5 Qg7 30.Qd2 Rd8 31.Rd5 Qa1+ 32.Kh2 Qf6 33.a3 gxh5 34.Rxh5 d5 35.Rxd5 Rxd5
36.Qxd5+ Qf7  1/2-1/2

[Event "Berliner Sommer"]
[Site "Berlin"]
[Date "1996.??.??"]
[Round "9"]
[White "Gleizerov, Evgeny"]
[Black "San Segundo, Pablo"]
[Result "1/2-1/2"]
[WhiteElo "2545"]
[BlackElo "2505"]

1.d4 Nf6 2.c4 g6 3.Nc3 d5 4.cxd5 Nxd5 5.e4 Nxc3 6.bxc3 Bg7 7.Bb5+ c6 8.Ba4 O-O
9.Ne2 b6 10.O-O Ba6 11.Be3 e5 12.Re1 Qc7 13.Qd2 Nd7 14.Bh6 Rad8 15.Bxg7 Kxg7
16.Qe3 Rfe8 17.Ng3 Bc4 18.h4 Qd6 19.h5 Qf6 20.Bb3 Bxb3 21.axb3 a5 22.Rad1 Qf4
23.Qe2 Nf6 24.Rd3 Qg4 25.Qd2 Qf4 26.Qe2 Qg4 27.Qd2 Qf4  1/2-1/2

[Event "Biel op MTO"]
[Site "Biel"]
[Date "1996.??.??"]
[Round "2"]
[White "Arbakov, Valentin"]
[Black "Dietzel, Jan"]
[Result "1-0"]
[WhiteElo "2510"]
[BlackElo "2280"]

1.d4 Nf6 2.c4 g6 3.Nc3 d5 4.cxd5 Nxd5 5.e4 Nxc3 6.bxc3 Bg7 7.Ba3 O-O 8.Nf3 b6
9.Rc1 c5 10.Qd2 Nc6 11.Bb2 Bg4 12.Bb5 Rc8 13.Rd1 Qd6 14.O-O Bxf3 15.gxf3 cxd4
16.cxd4 Rfd8 17.Bxc6 Rxc6 18.d5 Rc4 19.Bxg7 Kxg7 20.Rc1 Rdc8 21.Rxc4 Rxc4
22.Rc1 Rxc1+ 23.Qxc1 Qc5 24.Qxc5 bxc5 25.Kf1 Kf6 26.f4 e5 27.Ke2 exf4 28.Kd3 Ke7
29.Kc4 g5 30.Kxc5 Kd7 31.e5 h5 32.Kd4 Ke7 33.Ke4 f6 34.e6 a5 35.Kf5 h4 36.d6+  1-0

[Event "SLO-chT"]
[Site "Bled"]
[Date "1996.??.??"]
[Round "1"]
[White "Varga, Mariano"]
[Black "Volcansek, Robert"]
[Result "0-1"]
[WhiteElo "1775"]
[BlackElo "1895"]

1.d4 Nf6 2.c4 g6 3.Nc3 d5 4.cxd5 Nxd5 5.e4 Nxc3 6.bxc3 Bg7 7.Nf3 c5 8.Rb1 O-O
9.Be2 Qa5 10.Rb5 Qxc3+ 11.Bd2 Qa3 12.Rxc5 Nc6 13.Rc4 Qxa2 14.Bc3 Qa3 15.Qc2 Rd8
16.O-O e6 17.Rb1 Qe7 18.h4 h6 19.Bd3 a6 20.e5 Qd7 21.Be4 Bf8 22.Bd2 a5 23.Qa4 Ra6
24.Rb5 Na7 25.Rxa5 b5 26.Rxc8 bxa4 27.Rxd8 Qxd8 28.Rxa6 Qd7 29.Be3 Nc8 30.Bc6 Qc7
31.Bxa4 Nb6 32.Bb5 Kg7 33.Bd3 Be7 34.Ra1 Nd5 35.Rc1 Qd8 36.Rc4 Bxh4 37.Nxh4 Qxh4
38.Bd2 Qg4 39.Bf1 h5 40.Bc1 h4 41.f3 Qg3 42.Rc2 h3 43.Bd2 Kh7 44.Bc1 h2+
45.Kh1 Qe1  0-1

[Event "Bled op-B"]
[Site "Bled"]
[Date "1996.??.??"]
[Round "2"]
[White "Zwanepol, Johan"]
[Black "Kovac, S."]
[Result "0-1"]
[WhiteElo "1725"]
[BlackElo "2150"]

1.d4 Nf6 2.c4 g6 3.Nc3 d5 4.cxd5 Nxd5 5.e4 Nxc3 6.bxc3 Bg7 7.Nf3 O-O 8.Qc2 c5
9.Bb2 cxd4 10.Nxd4 Qa5 11.Nb3 Qe5 12.Bd3 Qg5 13.O-O e5 14.Bc1 Qf6 15.Be3 Nc6
16.Rab1 b6 17.Nc1 Bb7 18.Ne2 Rac8 19.Qa4 Na5 20.Bb5 Rc7 21.Rfd1 Qe6 22.f3 f5
23.exf5 gxf5 24.Bf2 Qg6 25.Kh1 e4 26.Nf4 Qh6 27.Nd5 Bxd5 28.Rxd5 exf3 29.gxf3 Rxc3
30.Be2 Qe6 31.Qd1 Re8 32.Bb5 Rf8 33.Be1 Re3 34.Bxa5 bxa5 35.Rc5 Kh8 36.Bc4 Qe7
37.Rxa5 Bc3 38.Qa4 Re1+ 39.Kg2 Bxa5  0-1

[Event "SLO-chT"]
[Site "Bled"]
[Date "1996.??.??"]
[Round "3"]
[White "Frangez, Simon"]
[Black "Kosmac, Blaz"]
[Result "0-1"]
[WhiteElo "2145"]
[BlackElo "1980"]

1.d4 Nf6 2.c4 g6 3.Nc3 d5 4.cxd5 Nxd5 5.e4 Nxc3 6.bxc3 Bg7 7.Be3 O-O 8.Bc4 c5
9.Ne2 Nc6 10.O-O Bg4 11.f3 Na5 12.Bd3 cxd4 13.cxd4 Bd7 14.Qd2 a6 15.Bh6 Bxh6
16.Qxh6 Rc8 17.e5 Bb5 18.Bxb5 axb5 19.Qd2 Nc6 20.Rfd1 Qb6 21.Kh1 Rfd8 22.Qb2 Rd5
23.Rd2 Rcd8 24.Rad1 Na5 25.Nf4 R5d7 26.Rd3 Nc4 27.Qe2 Rxd4 28.e6 Rxd3 29.exf7+ Kxf7
30.Nxd3 Rd6 31.h3 Qe3 32.Qc2 Qg5 33.Qe2 Qf4 34.Nf2 Rxd1+ 35.Nxd1 Qd4 36.Kh2 Qe5+
37.Qxe5 Nxe5 38.Nc3 b4 39.Nd5 Nd3 40.Kg1 e6 41.Ne3 Nc1 42.Kf1 Nxa2 43.Ke2 Nc3+
44.Kd2 Nd5 45.Nc4 Ke7 46.g3 Kd7 47.Kc2 Kc6 48.Kd3 Kb5 49.Nd6+ Ka4 50.Nxb7 Ka3
51.Na5 Ka4 52.Nc4 b3 53.f4 Kb4 54.Nd2 Ka3 55.Kd4 Ka2 56.Nxb3 Kxb3 57.Ke5 Kc4
58.Kxe6 Ne3 59.Kf6 Kd5 60.Kg7 Ke6 61.g4 Ke7 62.Kxh7 Kf6 63.Kh6 Nd5 64.h4 Nxf4
65.Kh7 Nd5 66.Kg8 Ne3 67.g5+ Kf5 68.Kh7 Nd5 69.Kh6 Nf4 70.h5 Nxh5  0-1

[Event "Bonn GSK-3"]
[Site "Bonn"]
[Date "1996.??.??"]
[Round "?"]
[White "Ruzele, Darius"]
[Black "Zagorskis, Darius"]
[Result "1-0"]
[WhiteElo "2520"]
[BlackElo "2520"]

1.d4 Nf6 2.c4 g6 3.Nc3 d5 4.cxd5 Nxd5 5.e4 Nxc3 6.bxc3 Bg7 7.Bb5+ c6 8.Ba4 O-O
9.Ne2 b6 10.e5 c5 11.O-O Na6 12.Bc6 Rb8 13.Qa4 cxd4 14.cxd4 Nc7 15.Be3 Bb7
16.Nf4 b5 17.Qc2 Na8 18.Bxb7 Rxb7 19.Qe4 Rc7 20.Rfb1 a6 21.a4 Qb8 22.Nd3 Rfc8
23.Nb4  1-0

[Event "Bahn-chH"]
[Site "Borkum"]
[Date "1996.??.??"]
[Round "2"]
[White "Klein, Erich"]
[Black "Thomas, Mario"]
[Result "0-1"]
[WhiteElo "1700"]
[BlackElo "1800"]

1.d4 Nf6 2.c4 g6 3.Nc3 d5 4.cxd5 Nxd5 5.e4 Nxc3 6.bxc3 Bg7 7.Bd3 O-O 8.Nf3 c5
9.Bb2 Qa5 10.O-O Nd7 11.a3 b5 12.Qc2 Bb7 13.a4 b4 14.cxb4 cxb4 15.Qd2 Nf6
16.Rfe1 Rab8 17.d5 Rfc8 18.Nd4 Nd7 19.Nb3 Qc7 20.Bxg7 Kxg7 21.Bb5 Ne5 22.Qd4 Qc3
23.f4 Qxd4+ 24.Nxd4 Nc4 25.Nc6 Bxc6 26.Bxc6 a6 27.a5 b3 28.Red1 b2 29.Rab1 Na3
30.Kf2 Nxb1 31.Rxb1 Rb3 32.Ke2 Rcb8 33.Kd2 Ra3 34.Kc2 Rxa5 35.Rxb2 Rxb2+
36.Kxb2 Rc5 37.g3 e6 38.Kb3 Kf6 39.Kb4 Rc2 40.Ka5 exd5 41.Bxd5 Rxh2 42.Kxa6 h5
43.Kb5 Rh3 44.e5+ Ke7  0-1

[Event "Spring op"]
[Site "Budapest"]
[Date "1996.??.??"]
[Round "1"]
[White "Lukasovics, Laszlo"]
[Black "Horvath, Jozsef"]
[Result "0-1"]
[WhiteElo "2140"]
[BlackElo "2505"]

1.d4 Nf6 2.c4 g6 3.Nc3 d5 4.cxd5 Nxd5 5.e4 Nxc3 6.bxc3 Bg7 7.Bc4 c5 8.Ne2 Nc6
9.Be3 O-O 10.O-O Bg4 11.f3 Bd7 12.Rb1 a6 13.dxc5 Qc7 14.Nd4 Na5 15.Be2 Rfd8
16.Qc1 Rac8 17.Rd1 Ba4 18.Rd2 e6 19.Qa3 Be8 20.Bg5 Rd7 21.c6 Nxc6 22.Nxc6 Qxc6
23.Rxd7 Bxd7 24.c4 Qc7 25.Rd1 Bc6 26.Qc1 Ba4 27.Rd2 Qc5+ 28.Kf1 Qxg5  0-1

[Event "Budapest FS04 IM"]
[Site "Budapest"]
[Date "1996.??.??"]
[Round "1"]
[White "Murzin, Lenar"]
[Black "Daamen, Ferry"]
[Result "1/2-1/2"]
[WhiteElo "2265"]
[BlackElo "2200"]

1.d4 Nf6 2.c4 g6 3.Nc3 d5 4.cxd5 Nxd5 5.e4 Nxc3 6.bxc3 Bg7 7.Be3 c5 8.Qd2 Qa5
9.Rb1 cxd4 10.cxd4 Qxd2+ 11.Kxd2 O-O 12.Bd3 b6 13.Nf3 Ba6 14.Rhc1 Bxd3 15.Kxd3 Na6
16.a3 Rfd8 17.Ke2 Rac8 18.Rxc8 Rxc8 19.Rc1 Rxc1 20.Bxc1 Nc7 21.Kd3 b5 22.d5 f5
23.Be3 fxe4+ 24.Kxe4 a6 25.Bc5 Bf6 26.g4 Kf7 27.g5 Bb2 28.Ne1 Ne8 29.Nd3 Bc3
30.Bb4 Nd6+ 31.Kf4 Bd4 32.Bc5 Bc3 33.Bb4 Bd4 34.Bc5 Bc3 35.Bb4  1/2-1/2

[Event "Budapest FS10 IM"]
[Site "Budapest"]
[Date "1996.??.??"]
[Round "2"]
[White "Dudas, Jan"]
[Black "Szabo, Zsolt"]
[Result "1-0"]
[WhiteElo "2395"]
[BlackElo "2265"]

1.d4 Nf6 2.c4 g6 3.Nc3 d5 4.cxd5 Nxd5 5.e4 Nxc3 6.bxc3 Bg7 7.Nf3 O-O 8.Rb1 c5
9.Qd2 Qc7 10.Be2 Rd8 11.d5 e6 12.c4 Nc6 13.O-O exd5 14.cxd5 Bg4 15.Qf4 Ne5
16.Re1 Bxf3 17.Bxf3 c4 18.Be2 c3 19.Qe3 a6 20.Qb6 c2 21.Rb3 Qxb6 22.Rxb6 Rd7
23.Kf1 Rc8 24.f4 Nc4 25.Rb4 b5 26.Rxc4 bxc4 27.Bg4 f5 28.exf5 h5 29.Bh3 Bc3
30.fxg6 Rxd5 31.Be6+ Kg7 32.Bxd5 Bxe1 33.Kxe1 Rd8 34.Bf3 Kxg6 35.Be4+ Kf6
36.Bxc2 Ke6 37.Bb2 Kf7 38.Bc3 Re8+ 39.Kd1 Re7 40.Be5 Ke6 41.Be4 h4 42.Kc2 Rd7
43.h3 Rd8 44.Kc3 Rd1 45.Kxc4 Re1 46.Bf3  1-0

[Event "EUCup f"]
[Site "Budapest"]
[Date "1996.??.??"]
[Round "2"]
[White "Ruzele, Darius"]
[Black "Kalantarian, Norik"]
[Result "1-0"]
[WhiteElo "2520"]
[BlackElo "2460"]

1.d4 Nf6 2.c4 g6 3.Nc3 d5 4.cxd5 Nxd5 5.e4 Nxc3 6.bxc3 Bg7 7.Bb5+ c6 8.Ba4 b5
9.Bb3 b4 10.Bb2 bxc3 11.Bxc3 O-O 12.Qd2 Ba6 13.f4 Nd7 14.Nf3 e6 15.e5 c5
16.Kf2 cxd4 17.Bxd4 Qe7 18.Qe3 Bb7 19.Rhc1 Rfc8 20.Ng5 Bh6 21.Kg1 Nb6 22.Bc5 Qd7
23.Bd6 Rxc1+ 24.Rxc1 Rc8 25.Rxc8+ Qxc8 26.Qc5 Bg7 27.Kf2 h6 28.Nf3 Qxc5+
29.Bxc5 Bf8 30.Bxf8 Kxf8 31.Nd4 Ke7 32.g3 a5 33.Nb5 Bc6 34.Nc3 Kd7 35.Ke3 Kc7
36.Kd4 Nd7 37.g4 Bf3 38.Nb5+ Kb6 39.Nd6 Bxg4 40.Nxf7 h5 41.Nd6 Nb8 42.Nc4+ Kb5
43.Kc3 Nc6 44.Nb2 Bf5 45.Bc4+ Kb6 46.Na4+ Kc7 47.Nc5 g5 48.Bxe6 Bb1 49.Kb2 Bh7
50.f5 Nxe5 51.Ne4 Nd3+ 52.Ka3 Nf4 53.Nxg5 Nxe6 54.Nxh7 Nd8 55.Ka4 Kd6 56.Kxa5 Ke5
57.f6 Kf5 58.Kb6 Kg6 59.a4  1-0

[Event "Budapest FS08 IM"]
[Site "Budapest"]
[Date "1996.??.??"]
[Round "2"]
[White "Zimmerman, Yuri"]
[Black "Behl, Torsten"]
[Result "1-0"]
[WhiteElo "2445"]
[BlackElo "2135"]

1.d4 Nf6 2.c4 g6 3.Nc3 d5 4.cxd5 Nxd5 5.e4 Nxc3 6.bxc3 Bg7 7.Nf3 O-O 8.Be2 c5
9.Rb1 cxd4 10.cxd4 Qa5+ 11.Bd2 Qxa2 12.O-O Nd7 13.Bb4 Nb6 14.Ra1 Qe6 15.Qb1 Bd7
16.Ra5 Nc8 17.d5 Qb6 18.e5 a6 19.Qe4 Na7 20.Rfa1 Rac8 21.Bxe7 Rfe8 22.Bg5 Bf5
23.Qf4 Rc2 24.Qa4 Rec8 25.Be3 Qb2 26.Bf1 Nb5 27.Bxb5 axb5 28.Qxb5 Bxe5 29.Nxe5 Qxe5
30.h3 Rb2 31.Qa4 b5 32.Qh4 Qxd5 33.Qf6 Rb4 34.Ra8 Rc4 35.Rxc8+ Bxc8 36.Bh6 Qd4
37.Qe7  1-0

[Event "Budapest FS05 GM"]
[Site "Budapest"]
[Date "1996.??.??"]
[Round "3"]
[White "Hetey, Laszlo"]
[Black "Vadasz, Laszlo"]
[Result "1/2-1/2"]
[WhiteElo "2345"]
[BlackElo "2375"]

1.d4 Nf6 2.c4 g6 3.Nc3 d5 4.cxd5 Nxd5 5.e4 Nxc3 6.bxc3 Bg7 7.Nf3 O-O 8.Be2 b6
9.O-O c5 10.Be3 cxd4 11.cxd4 e6 12.Rc1 Bb7 13.Qd3 Nd7 14.Bg5 Bf6 15.Bh6 Bg7
16.Bg5  1/2-1/2

[Event "Budapest FS07 IM"]
[Site "Budapest"]
[Date "1996.??.??"]
[Round "4"]
[White "Kerek, Csaba"]
[Black "Szeberenyi, Adam"]
[Result "1-0"]
[WhiteElo "2190"]
[BlackElo "2130"]

1.d4 Nf6 2.c4 g6 3.Nc3 d5 4.cxd5 Nxd5 5.e4 Nxc3 6.bxc3 Bg7 7.Nf3 c5 8.Be2 O-O
9.Rb1 Nc6 10.d5 Ne5 11.Nxe5 Bxe5 12.Qd2 a6 13.f4 Bg7 14.c4 Rb8 15.O-O Bd7
16.e5 f6 17.e6 Be8 18.f5 gxf5 19.Qf4 b5 20.Rb3 Bg6 21.h4 Qc8 22.Rg3 Kh8 23.h5 Bxh5
24.Rxg7 Rg8 25.Rxh7+  1-0

[Event "Spring op"]
[Site "Budapest"]
[Date "1996.??.??"]
[Round "6"]
[White "Watanabe, Akira"]
[Black "Kinez, Ivo"]
[Result "1-0"]
[WhiteElo "2255"]
[BlackElo "2115"]

1.d4 Nf6 2.c4 g6 3.Nc3 d5 4.cxd5 Nxd5 5.e4 Nxc3 6.bxc3 Bg7 7.Nf3 c5 8.Rb1 O-O
9.Be2 Nc6 10.d5 Ne5 11.Nxe5 Bxe5 12.Qd2 e6 13.f4 Bc7 14.Bc4 e5 15.O-O exf4
16.Rxf4 b6 17.Qf2 Qe7 18.Be3 Kg7 19.Rf1 f5 20.exf5 Bxf5 21.Rf3 Qe4 22.Bd3 Qxd3
23.Bh6+ Kxh6 24.Rxd3 Bxd3 25.Qd2+ Kg7 26.Rxf8 Rxf8 27.Qxd3 Rf6 28.Qe4 Kf7
29.g3 a5 30.Qg4 Bd6 31.Qd7+ Be7 32.c4 h6 33.h4 h5 34.Kg2 Kf8  1-0

[Event "Budapest FS03 IM"]
[Site "Budapest"]
[Date "1996.??.??"]
[Round "6"]
[White "Watanabe, Akira"]
[Black "Stillger, Bernhard"]
[Result "1/2-1/2"]
[WhiteElo "2255"]
[BlackElo "2310"]

1.d4 Nf6 2.c4 g6 3.Nc3 d5 4.cxd5 Nxd5 5.e4 Nxc3 6.bxc3 Bg7 7.Nf3 c5 8.Rb1 O-O
9.Be2 b6 10.O-O Bb7 11.Qc2 cxd4 12.cxd4 Qc8 13.Qd3 Ba6 14.Qe3 Bxe2 15.Qxe2 Qa6
16.Qxa6 Nxa6 17.Ba3 Rfc8 18.Rfc1 e6 19.g4 Rc7 20.Rxc7 Nxc7 21.Rc1 Nb5 22.Bb2 Nd6
23.e5 Ne8 24.Rc6 Bf8 25.a4 Be7 26.Bc1 Rd8  1/2-1/2

[Event "Budapest FS11 GM"]
[Site "Budapest"]
[Date "1996.??.??"]
[Round "7"]
[White "Lukacs, Peter"]
[Black "Pribyl, Martin"]
[Result "1/2-1/2"]
[WhiteElo "2475"]
[BlackElo "2320"]

1.d4 Nf6 2.c4 g6 3.Nc3 d5 4.cxd5 Nxd5 5.e4 Nxc3 6.bxc3 Bg7 7.Bc4 c5 8.Ne2 Nc6
9.Be3 O-O 10.O-O Qc7 11.Rb1 a6 12.Qc1 b5 13.Bd3 Rd8 14.Rd1 Bd7 15.Bf4 Qa5
16.d5 Ne5 17.Bxe5 Bxe5 18.Qg5 Bf6 19.Qe3 Bxc3 20.Qxc5  1/2-1/2

[Event "Budapest FS04 GM"]
[Site "Budapest"]
[Date "1996.??.??"]
[Round "8"]
[White "Stocek, Jiri"]
[Black "Kolbus, Dietmar"]
[Result "1/2-1/2"]
[WhiteElo "2465"]
[BlackElo "2325"]

1.d4 Nf6 2.c4 g6 3.Nc3 d5 4.cxd5 Nxd5 5.e4 Nxc3 6.bxc3 Bg7 7.Bc4 c5 8.Ne2 O-O
9.O-O Nc6 10.Be3 Qc7 11.Rc1 Rd8 12.f4 Na5 13.Bd3 f5 14.exf5 Bxf5 15.Bxf5 gxf5
16.Ng3 e6 17.Nh5 Bh8 18.Qe2 b6 19.Rce1 Re8 20.Rf3 Rac8 21.Bf2 Qc6 22.Re3 cxd4
23.Rg3+ Kf8 24.Bxd4 Bxd4+ 25.cxd4 Qd6 26.Ng7 Qxd4+ 27.Kh1 Qxg7 28.Rxg7 Kxg7
29.g4 Rc5 30.gxf5 Rxf5 31.Qg4+ Kf7 32.Rg1 Ke7 33.Qh4+ Kd6 34.Qxh7 Nc6 35.Rd1+ Rd5
36.Re1 Re7 37.Qg6 Nd4 38.Qg8 Nc6 39.Qg3 Kd7 40.Rc1 Rf7 41.Qc3 Rd6 42.Qf3 Rd5
43.Qe4 Rff5 44.Re1 Rd6 45.h3 Kc7 46.Rg1 Rf7 47.Rg2 Kd7 48.Rg6 Re7 49.h4 Rd4
50.Qe3 Rd5 51.Rg5 Rd1+ 52.Kg2 Nd4 53.Qa3 Rd2+ 54.Kh3 Nc6 55.h5 a5 56.Qe3 Rd4
57.h6 Rb4 58.a3 Ra4 59.Rg7 Rxg7 60.hxg7 Ne7 61.Kg4 Nf5 62.Qc3 Ne7 63.Kg5 b5
64.Qd3+ Kc6 65.Qd8 Rxa3 66.Qxe7 Rg3+ 67.Kf6 b4 68.Qxe6+ Kb5 69.g8=Q Rxg8
70.Qxg8 a4 71.Qd5+  1/2-1/2

[Event "Budapest FS03 IM"]
[Site "Budapest"]
[Date "1996.??.??"]
[Round "8"]
[White "Szabo, Zsolt"]
[Black "Stillger, Bernhard"]
[Result "0-1"]
[WhiteElo "2370"]
[BlackElo "2310"]

1.d4 Nf6 2.c4 g6 3.Nc3 d5 4.cxd5 Nxd5 5.e4 Nxc3 6.bxc3 Bg7 7.Nf3 c5 8.Rb1 O-O
9.Be2 b6 10.O-O Bb7 11.Qd3 Ba6 12.Qe3 cxd4 13.cxd4 Qd7 14.Bxa6 Nxa6 15.Qa3 Nc7
16.d5 f5 17.Qb3 Kh8 18.Rd1 fxe4 19.Ng5 Rad8 20.Qg3 Qf5 21.Qh4 h5 22.Nxe4 Nxd5
23.Ba3 Rd7 24.h3 Rfd8 25.Rbc1 Be5 26.Re1 Kg8 27.Rcd1 Qf4 28.Qxf4 Nxf4 29.Rxd7 Rxd7
30.g3 Nd3 31.Rd1 Bf6 32.Kf1 Nc5 33.Nxf6+ exf6 34.Rc1 Ne4 35.Ke2 Rd2+ 36.Ke3 Rxa2
37.Rc8+ Kf7 38.Rc7+ Ke6 39.Rxa7 Nxf2 40.Ra6 Kf5 41.h4 Ng4+ 42.Kd4 Ne5  0-1

[Event "Budapest FS10 IM"]
[Site "Budapest"]
[Date "1996.??.??"]
[Round "9"]
[White "Murzin, Lenar"]
[Black "Castelfranchi, Carlo"]
[Result "1-0"]
[WhiteElo "2230"]
[BlackElo "2270"]

1.d4 Nf6 2.c4 g6 3.Nc3 d5 4.cxd5 Nxd5 5.e4 Nxc3 6.bxc3 Bg7 7.Be3 c5 8.Qd2 Qa5
9.Rb1 a6 10.Bd3 cxd4 11.cxd4 Qxd2+ 12.Kxd2 Nc6 13.Nf3 b5 14.Rhc1 Bd7 15.d5 Ne5
16.Nxe5 Bxe5 17.f4 Bb8 18.e5 g5 19.e6 fxe6 20.dxe6 Bxe6 21.Be4 gxf4 22.Bd4 O-O
23.Bxa8 Bxa2 24.Rb2 f3 25.Rxa2 Bf4+ 26.Ke1 Rxa8 27.Rc3 Bxh2 28.Rxf3 Bd6 29.Re2 Rd8
30.Re4 Bb4+ 31.Ke2 Rd6 32.Ref4  1-0

[Event "Budapest FS10 IM"]
[Site "Budapest"]
[Date "1996.??.??"]
[Round "10"]
[White "Belotelov, Dimitri"]
[Black "Basener, Winfried"]
[Result "1-0"]
[WhiteElo "2230"]
[BlackElo "2205"]

1.d4 Nf6 2.c4 g6 3.Nc3 d5 4.cxd5 Nxd5 5.e4 Nxc3 6.bxc3 Bg7 7.Nf3 c5 8.Be3 O-O
9.Qd2 Nc6 10.d5 Qa5 11.Rc1 Rd8 12.Bd3 Bg4 13.Ng1 c4 14.Bb1 e6 15.h3 exd5
16.hxg4 dxe4 17.Qb2 b5 18.Ne2 f5 19.gxf5 gxf5 20.a3 Bf8 21.a4 Qxa4 22.Bc2 Ba3
23.Qa2 Qa6 24.Ra1 b4 25.O-O Rab8 26.Bb1 Qb5 27.cxb4 Bxb4 28.Bc2 a5 29.Ba4 Qa6
30.Rac1 Ne5 31.Bf4 Qe6 32.Bxe5 Qxe5 33.Qxc4+ Kg7 34.Qc7+ Qxc7 35.Rxc7+ Kh6
36.g3  1-0

[Event "HUN-ch"]
[Site "Budapest"]
[Date "1996.??.??"]
[Round "10"]
[White "Lukacs, Peter"]
[Black "Fogarasi, Tibor"]
[Result "1/2-1/2"]
[WhiteElo "2475"]
[BlackElo "2505"]

1.d4 Nf6 2.c4 g6 3.Nc3 d5 4.cxd5 Nxd5 5.e4 Nxc3 6.bxc3 Bg7 7.Bc4 c5 8.Ne2 Nc6
9.Be3 O-O 10.O-O Qc7 11.Rc1 Rd8 12.Bf4 Qd7 13.d5 Ne5 14.Bxe5 Bxe5 15.Rb1 Qc7
16.f4 Bg7 17.Qb3 Rb8 18.a4 Bd7 19.e5 Kh8 20.Ng3 a6 21.Qb6 Qxb6 22.Rxb6 f6
23.e6 Bxa4 24.f5 Bh6 25.Rfb1 Be3+ 26.Kf1 Bf4 27.Kf2 Bc2 28.R1b2 Bxf5 29.Nxf5 gxf5
30.Rxb7  1/2-1/2

[Event "Calcutta op"]
[Site "Calcutta"]
[Date "1996.??.??"]
[Round "3"]
[White "Sherbakov, Ruslan"]
[Black "Konguveel, Ponnuswamy"]
[Result "1-0"]
[WhiteElo "2565"]
[BlackElo "2395"]

1.d4 Nf6 2.c4 g6 3.Nc3 d5 4.cxd5 Nxd5 5.e4 Nxc3 6.bxc3 Bg7 7.Nf3 c5 8.Rb1 O-O
9.Be2 cxd4 10.cxd4 Qa5+ 11.Bd2 Qxa2 12.O-O b6 13.Qc1 Bb7 14.Bc4 Qa4 15.Bb5 Qa2
16.Re1 Rc8 17.Qd1 Qc2 18.Qe2 Qc7 19.Rbc1 Qd8 20.Rxc8 Bxc8 21.Bc4 a5 22.Ng5 e6
23.d5 h6 24.dxe6 hxg5 25.exf7+ Kf8 26.e5 Ra7 27.e6 Nc6 28.Bc1 Bf6 29.Qe4 Ne7
30.Ba3 Kg7 31.Bd3 Qh8 32.Qf3 Kf8 33.Qc6 Kg7 34.Qxb6 Rb7 35.Qxa5 Bxe6 36.Rxe6 Kxf7
37.Bc4 Kg7 38.Rxf6  1-0

[Event "Calcutta op"]
[Site "Calcutta"]
[Date "1996.??.??"]
[Round "10"]
[White "Suvrajit, Saha"]
[Black "Sriram, Jha"]
[Result "1/2-1/2"]
[WhiteElo "2205"]
[BlackElo "2345"]

1.d4 Nf6 2.c4 g6 3.Nc3 d5 4.cxd5 Nxd5 5.e4 Nxc3 6.bxc3 Bg7 7.Bb5+ c6 8.Ba4 O-O
9.Ne2 e5 10.Ba3 Re8 11.dxe5 Bxe5 12.Qxd8 Rxd8 13.O-O Be6 14.Rfd1 Na6 15.Bb3 Nc7
16.Bxe6 Nxe6 17.Be7 Rxd1+ 18.Rxd1 a5 19.g3 Bg7 20.Rd7 b5 21.Nd4 Re8 22.Nxc6 Bxc3
23.Rb7 Nd4 24.Nxd4 Bxd4 25.Bd6 Be5 26.Bc5 Rb8 27.Rxb8+ Bxb8 28.Kf1 Kg7 29.Ke2 Kf6
30.Kd3 Ke6 31.Bb6 a4 32.f4 Kd6 33.Kc3 Kc6 34.Be3 Bd6 35.h3 Be7 36.Bc1 Bc5
37.g4 Bf2 38.Kd3 Kc5 39.Bb2 b4 40.Ba1 Bg3 41.Bd4+ Kb5 42.f5 Bd6 43.Bf6 Bf8
44.Bb2 Kc5 45.Bd4+ Kb5 46.e5 Be7 47.Be3 gxf5 48.gxf5 Bf8 49.Bd4 Be7 50.Be3 Bf8
51.h4 h5 52.e6 fxe6 53.fxe6 Kc6 54.Kc4 Be7 55.Bd2 b3 56.axb3 axb3 57.Kxb3 Kd5
58.Be1 Kxe6 59.Kc4  1/2-1/2

[Event "Calgary op"]
[Site "Calgary"]
[Date "1996.??.??"]
[Round "?"]
[White "Smirin, Ilia"]
[Black "Neven, Knut"]
[Result "*"]
[WhiteElo "2615"]
[BlackElo "2245"]

1.d4 Nf6 2.c4 g6 3.Nc3 d5 4.cxd5 Nxd5 5.e4 Nxc3 6.bxc3 Bg7 7.Nf3 c5 8.Rb1 O-O
9.Be2 Nc6 10.d5 Ne5 11.Nxe5 Bxe5 12.Qd2 e6 13.f4 Bc7 14.Bc4 a6 15.a4 b5 16.axb5 axb5
17.Bxb5 exd5 18.Bc6 Ra6 19.Bxd5 Rd6 20.O-O Bf5 21.Qc2 Rxd5 22.exf5 Rxf5 23.c4 h5
24.g3 Qd4+ 25.Kh1 Rd8 26.Bb2 Qd3 27.Qxd3 Rxd3  *

[Event "Cannes Martinez op"]
[Site "Cannes"]
[Date "1996.??.??"]
[Round "1"]
[White "Sebban, Jean Paul"]
[Black "Goldgewicht, Lionel"]
[Result "1/2-1/2"]
[WhiteElo "2120"]
[BlackElo "2340"]

1.d4 Nf6 2.c4 g6 3.Nc3 d5 4.cxd5 Nxd5 5.e4 Nxc3 6.bxc3 Bg7 7.Bc4 c5 8.Ne2 O-O
9.Be3 Nc6 10.Rc1 cxd4 11.cxd4 Qa5+ 12.Kf1 Rd8 13.h4 Qa3 14.h5 Bg4 15.hxg6 hxg6
16.d5 Ne5 17.Bb3 Rac8 18.Qd2 Qa6 19.f3 Bd7 20.Rxc8 Rxc8 21.Bh6 Qd3 22.Kf2 Qxd2
23.Bxd2 b5 24.f4 Nc4 25.Bb4 e5 26.Rc1 exf4 27.Bxc4 bxc4 28.Nxf4 Bd4+ 29.Kf3 Bb2
30.Re1 c3 31.Nd3 Bb5 32.Nxb2 cxb2 33.Rb1 Rc2 34.Be7 Bc4  1/2-1/2

[Event "Cannes Martinez op"]
[Site "Cannes"]
[Date "1996.??.??"]
[Round "1"]
[White "Laurain, Dominique"]
[Black "Bernard, Christophe"]
[Result "0-1"]
[WhiteElo "2140"]
[BlackElo "2370"]

1.d4 Nf6 2.c4 g6 3.Nc3 d5 4.cxd5 Nxd5 5.e4 Nxc3 6.bxc3 Bg7 7.Nf3 O-O 8.Be2 b6
9.Be3 Bb7 10.Qc2 c5 11.d5 Qd6 12.Rd1 e6 13.c4 Nd7 14.Ng5 exd5 15.exd5 Rae8
16.O-O h6 17.Nf3 f5 18.Bd3 Bc8 19.Bc1 Re7 20.Rfe1 Rfe8 21.Rxe7 Rxe7 22.Bb2 Ne5
23.Nxe5 Bxe5 24.Bxe5 Qxe5 25.Qc1 Kg7 26.Qa1 Qxa1 27.Rxa1 b5 28.cxb5 Bb7 29.Bc4 Re4
30.Rc1 Rd4 31.Kf1 Bxd5 32.Bxd5 Rxd5 33.a4 Kf6 34.a5 Ke7 35.Ke2 Kd6 36.Rc3 c4
37.b6 Rxa5 38.b7 Kc7 39.b8=Q+ Kxb8 40.Rxc4 Kb7 41.Rh4 Ra2+ 42.Kd3 Ra3+ 43.Kd2 h5
44.Rb4+ Kc7 45.h4 Ra6 46.Ke3 Re6+ 47.Kf4 a5 48.Ra4 Kb6 49.Kg5 Re4  0-1

[Event "Cannes Martinez op"]
[Site "Cannes"]
[Date "1996.??.??"]
[Round "1"]
[White "Derieux, Christian"]
[Black "Spiridonov, Nikola"]
[Result "1-0"]
[WhiteElo "2145"]
[BlackElo "2405"]

1.d4 Nf6 2.c4 g6 3.Nc3 d5 4.cxd5 Nxd5 5.e4 Nxc3 6.bxc3 Bg7 7.Bc4 O-O 8.Ne2 Qd7
9.Rb1 b6 10.O-O Bb7 11.f3 Nc6 12.Be3 Na5 13.Bb5 c6 14.Bd3 c5 15.Qd2 Rfd8
16.d5 c4 17.Bc2 e6 18.Bd4 exd5 19.Bxg7 Kxg7 20.e5 Qe7 21.f4 Nc6 22.f5 Qxe5
23.f6+ Kh8 24.Qh6 Rg8 25.Rbe1 Qh5 26.Qf4 Qe5 27.Qh6 Rae8 28.Rf3 Qh5 29.Qd2 d4
30.Rh3 dxc3 31.Qf4 Qc5+ 32.Kh1 Qf8 33.Rh6 Re5 34.Qh4 Rh5 35.Rxh5 gxh5 36.Qxh5 h6
37.Ng3 Nd4 38.Re8  1-0

[Event "Cannes op"]
[Site "Cannes"]
[Date "1996.??.??"]
[Round "2"]
[White "Touzane, Olivier"]
[Black "Bernard, Christophe"]
[Result "1/2-1/2"]
[WhiteElo "2500"]
[BlackElo "2405"]

1.d4 Nf6 2.c4 g6 3.Nc3 d5 4.cxd5 Nxd5 5.e4 Nxc3 6.bxc3 Bg7 7.Nf3 c5 8.Rb1 O-O
9.Be2 b6 10.O-O Bb7 11.Qd3 Ba6 12.Qe3 cxd4 13.cxd4 Qd7 14.Bxa6 Nxa6 15.Ba3 Rfc8
16.Rfc1 Nc7 17.d5 Nb5 18.Bb4 e6 19.a4 Nd6 20.Qd3 Nb7 21.Qb5 Qxb5 22.axb5 exd5
23.exd5 Rd8 24.Rd1 Nd6 25.Bd2 Rac8 26.Bg5 Rd7 27.Re1 h6 28.Bf4 Rc5 29.Re7 Rxe7
30.Bxd6 Rd7 31.Bxc5 bxc5 32.Rd1 Rd6 33.Kf1 c4 34.Ne1 Bf6 35.Nc2 c3 36.Ne3 Bg5
37.Nc2 Bd2 38.Ne3 Bxe3 39.fxe3 c2 40.Rc1 Rxd5 41.Rxc2 Rxb5 42.Rc8+ Kg7 43.Ra8 Rb1+
44.Kf2 Rb7 45.g4 Rb2+ 46.Kg3 Ra2 47.h4 a5 48.g5 h5 49.e4 a4 50.e5 a3 51.Kh3 Ra1
52.Kg2 a2 53.Kh2 Re1 54.Rxa2 Kf8 55.Ra7 Rxe5 56.Kg3 Re3+ 57.Kg2 Rd3 58.Rb7 Ke8
59.Rb4 Re3 60.Rc4 Ke7 61.Ra4 Ke6 62.Rf4 Rd3 63.Rf6+ Ke7 64.Rf4 Rd5 65.Kg3 Rd3+
66.Kg2 Rd7 67.Rf6 Rd4 68.Kg3 Rd3+ 69.Kg2 Rd6 70.Rf3 f6 71.Rxf6 Rxf6 72.gxf6+ Kxf6
73.Kf2 Ke6 74.Ke2 Kf6  1/2-1/2

[Event "Cannes Martinez op"]
[Site "Cannes"]
[Date "1996.??.??"]
[Round "3"]
[White "Laurain, Dominique"]
[Black "Mallet, Lionel"]
[Result "1/2-1/2"]
[WhiteElo "2140"]
[BlackElo "2065"]

1.d4 Nf6 2.c4 g6 3.Nc3 d5 4.cxd5 Nxd5 5.e4 Nxc3 6.bxc3 Bg7 7.Nf3 c5 8.Be2 O-O
9.Rb1 cxd4 10.cxd4 Qa5+ 11.Bd2 Qxa2 12.O-O a5 13.h3 Nc6 14.Bc3 Qa3 15.Qd2 Rd8
16.Qe3 e6 17.Rfd1 Qf8 18.g4 Rb8 19.Bc4 Bd7 20.d5 exd5 21.Bxd5 Bxc3 22.Qxc3 Nb4
23.Ne5 Be8 24.g5 Qg7 25.Qg3 Nxd5 26.Rxd5 Rxd5 27.exd5 Rd8 28.Ng4 Kh8 29.Nf6 Qf8
30.Rxb7 h5  1/2-1/2